Stations du RER A - Mort Subite - Statistiques

Statistiques générales
  • Ce quiz a été pris 230 fois
  • Le résultat moyen est 10 sur 14
Answers on the Grid
Answers color-coded by a green-red scale on the quiz's grid according to % correct below.
Achères Grand Cormier
Auber
Bercy
Bibliothèque François Mitterrand
Cergy - St-Christophe
Châtelet - Les Halles
Conflans Fin d'Oise
Gare de Lyon
Gare du Nord
Lognes
Michel-Ange Auteuil
Nanterre-Ville
Nogent Sur Marne
Noisiel
Opéra
Place d'Italie
Place de Clichy
Place des Fêtes
Porte de Pantin
Porte de Vincennes
Réaumur - Sébastopol
Saint-Germain-des-Près
Saint-Germain-En-Laye
Sartrouville
Sucy-Bonneuil
Tuileries
Val de Fontenay
Victor Hugo
 
Statistiques - réponses
Réponse % Correct
Auber
85%
Châtelet - Les Halles
85%
Saint-Germain-En-Laye
78%
Gare de Lyon
77%
Nanterre-Ville
74%
Val de Fontenay
74%
Sartrouville
73%
Cergy - St-Christophe
69%
Noisiel
69%
Nogent Sur Marne
67%
Achères Grand Cormier
66%
Lognes
65%
Conflans Fin d'Oise
61%
Sucy-Bonneuil
60%
Aucun quiz correspondant
Distribution des résultats
% des personnes avec chaque résultat
Percentile par nombre de réponses
Votre historique - résultats
Vous n’avez pas pris ce quiz